Movies Quiz

Random Movies or Clickable Quiz

Movies by Missing Number Quiz Stats

Quiz Updated Jan 12, 2015

Challenge
Share
Tweet
Embed
Score 0/13 Timer 01:30
1 Play Today
% Correct
10
94%
1
93.7%
11
93.4%
13
90%
9
87.1%
4
85.3%
12
84.6%
3
83.8%
2
79.7%
7
77.7%
8
76.9%
5
65.6%
6
57.7%

You're not logged in!

Compare scores with friends on all Sporcle quizzes.
Sign Up with Email
OR
Log In

You Might Also Like...

Show Comments

Extras

Top Quizzes Today


Score Distribution

Your Account Isn't Verified!

In order to create a playlist on Sporcle, you need to verify the email address you used during registration. Go to your Sporcle Settings to finish the process.